01237nab a2200337 uc450000100070000000500170000700800410002403500110006503500210007604000130009704100080011010000400011824500780015865000400023665000290027665000310030565000400033665000370037665000290041365000320044265000320047465000340050665000590054065000310059965000340063065000390066465000330070377301340073694200100087099900190088080845520260320100916.0030430e19970605 spa  a808455 a(OCoLC)820024830 ccomduadb aspa10aWestley, Glenn D.4auteaut926438510aLiberalizacion financiera funciona en realidad. El caso de America Latina aLiberalización económica927628 7aProductividad2Ocde9480 aTasa de crecimiento930467 aProducto interno bruto (PIB)930893 7aTasas de interés2lemb9113297 aCapital y trabajo937561 7aCapital humano2lemb915981 7aLibre comercio2lemb915299 aIntereses (Economía)954625 7aDesarrollo económicozAmérica Latina2lemb9118123 aTipo de cambio real975790 aDesarrollo financiero9115487 aIntermediación financiera916730 aPolítica financiera9103810 tCiencias Económicas (San José, Costa Rica)gVolumen 17, Número 01, Enero-Junio de 1997, p. 129-187w94647x0252-9521090006 cARIMP c277532d277532